El aborto criminal (Record no. 63140)

MARC details
000 -LEADER
campo de control de longitud fija 00600nam a2200193 i 4500
001 - NÚMERO DE CONTROL
campo de control 63140
003 - IDENTIFICADOR DE NÚMERO DE CONTROL
campo de control ES-MaACL
005 - FECHA Y HORA DE LA ÚLTIMA TRANSACCIÓN
campo de control 20230906164807.0
007 - CAMPO FIJO DE DESCRIPCIÓN FÍSICA--INFORMACIÓN GENERAL
campo de control de longitud fija t|
008 - DATOS DE LONGITUD FIJA--INFORMACIÓN GENERAL
campo de control de longitud fija 031128s1940 sp ||||1| spa d
100 1# - ENTRADA PRINCIPAL--NOMBRE DE PERSONA
Nombre de persona Fernández-Ruiz, César.
9 (RLIN) 50054
245 13 - MENCIÓN DEL TÍTULO
Título El aborto criminal
Resto del título : estudio médico-social /
Mención de responsabilidad, etc. César Fernández-Ruiz ; pólogo del Dr. Vital Aza.
260 ## - PUBLICACIÓN, DISTRIBUCIÓN, ETC.
Lugar de publicación, distribución, etc. Madrid :
Nombre del editor, distribuidor, etc. [s.n.],
Fecha de publicación, distribución, etc. 1940 (
Fabricante Uguina)
300 ## - DESCRIPCIÓN FÍSICA
Extensión 119 p. ;
Dimensiones 21 cm.
650 04 - PUNTO DE ACCESO ADICIONAL DE MATERIA--TÉRMINO DE MATERIA
Término de materia o nombre geográfico como elemento de entrada Aborto.
9 (RLIN) 9570
700 1# - ENTRADA AGREGADA--NOMBRE PERSONAL
Nombre de persona Aza, Vital,
Fechas asociadas al nombre 1890-1961
9 (RLIN) 170049
852 ## - LOCALIZACIÓN
Ubicación ES-MaACL
Número de control de estantería A-5320
Sublocalización o colección R.18607
Holdings
Estatus retirado Estado de pérdida Estado de daño No para préstamo Biblioteca de origen Biblioteca actual Ubicación en estantería Fecha de adquisición Fuente de adquisición Total de préstamos Signatura topográfica completa Código de barras Visto por última vez Precio de reemplazo Tipo de ítem Koha
        Biblioteca del Ateneo de Madrid Biblioteca del Ateneo de Madrid Sala Pecera Planta 1 17/01/2008     A-5320 1066188 23/02/2023 23/02/2023 Libro impreso